02246nam a2200289uu 4500001000800000005001700008007001000025008004100035035001200076040001300088041000800101080000800109100003800117245007200155260004300227300001700270520138800287650003001675650003201705650002801737700004101765700004701806700004501853700003801898502001201936526000801948123062520260508070640.0cr|||||||110204e20110204 spa  a1230625 ccomduadb aspa aPSI10aIsaza Jiménez, Daniel4auteaut13aUn videojuego educativo adaptable para enseñar física de campos aMedellín :b[sin publicador],c2011. a63 páginas3 aLa asignatura de física de campos presenta continuamente el problema de que muchos de sus estudiantes deben repetirla ya que no logran superar los objetivos planteados. Este trabajo consiste en la elaboración de tres mini-juegos educativos que simulan fenómenos presentes en la física de campos, como la interacción gravitacional, la atracción y repulsión de objetos polarizados y el desplazamiento entre placas paralelas cargadas. Para llevar a cabo la realización de éstos, fue necesario analizar diferentes metodologías educativas que se presentaban usualmente en los videojuegos educativos y seleccionar cuáles eran apropiadas para ser incluidas en los tres mini-juegos, también se desarrolló un documento técnico de diseño que permitió tener una visión clara de los objetivos a cumplir y de las características que tendrían. El desarrollo se realizó utilizando diferentes editores libres como flashdevelop, GIMP e Inkscape. Luego se llevó a cabo un análisis preliminar; por medio de una encuesta se consultó sobre los factores de jugabilidad, gráficos, diversión, sonido y música el cual entregó resultados positivos en cada aspecto. Por último se concluyó sobre el desarrollo de videojuegos educativos y el posible impacto que tendrían éstos como herramienta complementaria de estudio y se planteó trabajo futuro. aVideojuegos y aprendizaje 7aFísicaxEnseñanza2lemb 7aJuegos educativos2lemb10aValle del Medina, Santiago4auteaut10aMorales Castellanos, Juan Felipe4auteaut10aZuluaga Callejas, Jorge Iván4thseths10aCeballos, Yony Fernando4thseths b180c17 a182